| 000 | 00542nam a2200145 4500 | ||
|---|---|---|---|
| 082 | _aMSEE-7 RAH | ||
| 100 | _aRaheel Asif | ||
| 245 | _aSeizure detection with fewer number of channels: A way forward for ambulatory devices | ||
| 260 |
_aIslamabad _bNUST-SEECS _c2017 |
||
| 300 |
_a47p. _eCD Includes |
||
| 856 | _uhttp://10.250.8.41:8080/xmlui/handle/123456789/17757 | ||
| 942 |
_2ddc _cTHE |
||
| 999 |
_c332364 _d332364 |
||